banner-ar

قراءة فى شخصيات مصرية / (Record no. 9544)

MARC details
000 -الفاتح
حقل البيانات ثابتة الطول 01032nam a2200313Ia 4500
008 - عناصر البيانات ثابتة الطول - معلومات عامة
حقل البيانات ثابتة الطول 140319s9999 xx 000 0 ara d
040 ## - مصدر الفهرسة
وكالة الفهرسة الأصلية GCL /
وكالة النسخ GCL
082 04 - رقم تصنيف ديوى العشرى
رقم التصنيف ق
رقم المادة 928.1
-- م ق
100 1# - المدخل الرئيسى - إسم شخصى
الإسم الشخصى محمد جبريل
245 10 - بيان العنوان
العنوان قراءة فى شخصيات مصرية /
بيان المسئوليه,etc محمد جبريل
260 ## - PUBLICATION, DISTRIBUTION, ETC. (IMPRINT)
تاريخ النشر أو التوزيع 1995
300 ## - الوصف المادى
التعداد 326 ص ؛
أبعاد الوعاء 20 سم
490 ## - بيان السلسلة
عنوان السلسلة كتاب الثقافة الجديدة
رقم المجلد/ التعيين التسلسلي 27
650 04 - المدخل الاضافى بالموضوع-مصطلح موضوعى
مصطلح موضوعي توفيق الحكيم
650 04 - المدخل الاضافى بالموضوع-مصطلح موضوعى
مصطلح موضوعي يوسف ادريس
650 04 - المدخل الاضافى بالموضوع-مصطلح موضوعى
مصطلح موضوعي زكى نجيب محمود
650 04 - المدخل الاضافى بالموضوع-مصطلح موضوعى
مصطلح موضوعي يحيى حقى
650 04 - المدخل الاضافى بالموضوع-مصطلح موضوعى
مصطلح موضوعي يوسف الشارونى
650 04 - المدخل الاضافى بالموضوع-مصطلح موضوعى
مصطلح موضوعي الادباء العرب - مصر
650 04 - المدخل الاضافى بالموضوع-مصطلح موضوعى
مصطلح موضوعي جمال حمدان
650 04 - المدخل الاضافى بالموضوع-مصطلح موضوعى
مصطلح موضوعي احمد بهاءالدين
650 04 - المدخل الاضافى بالموضوع-مصطلح موضوعى
مصطلح موضوعي مصطفى ممتاز
650 04 - المدخل الاضافى بالموضوع-مصطلح موضوعى
مصطلح موضوعي احمد زكى مخلوف
650 04 - المدخل الاضافى بالموضوع-مصطلح موضوعى
مصطلح موضوعي يعقوب صنوع
650 04 - المدخل الاضافى بالموضوع-مصطلح موضوعى
مصطلح موضوعي عبدالمحسن صالح
650 04 - المدخل الاضافى بالموضوع-مصطلح موضوعى
مصطلح موضوعي سيد عويس
942 ## - عناصر المدخل الإضافي( كوها)
مصدر التصنيف او مخطط الترفيف Dewey Decimal Classification
Koha [default] item type كتاب
260 ## - PUBLICATION, DISTRIBUTION, ETC. (IMPRINT)
-- القاهرة :
-- الهيئة العامة لقصور الثقافة ،
Holdings
حالة التراجع حالة الفقد حالة تلف ليس للاعارة المكان المؤقت الموقع الحالى تاريخ الاكتساب اجمالي اﻻعارات رقم الطلب الباركود تاريخ اخر مشاهدة تاريخ تفعيل السعر نوع وعاء كوها
        مكتبة القاهرة الكبرى مكتبة القاهرة الكبرى 03/26/2014   ق\928.1\م ق 19864 03/26/2014 03/26/2014 كتاب

Powered By

EGPV